[Event "Challenge"]
[Site "http://www.queenalice.com/game.php?id=251909"]
[Date "2007.8.6"]
[Round "-"]
[White "WeffersonEmerich"]
[Black "pcteilor"]
[Result "0-1"]
[WhiteElo "1179"]
[BlackElo "1208"]

1. e4 e5 2. Nf3 d6 3. Bc4 Nf6 4. d3 Nc6 5. Ng5 Qe7 6. Nxf7 Rg8 7. Ng5 Bg4 8. Qd2
O-O-O 9. O-O d5 10. exd5 Nd4 11. Re1 b5 12. Bb3 Rd6 13. Ne6 a5 14. a4 Bxe6 15.
dxe6 Nxe6 16. axb5 Rh8 17. Qxa5 Qd8 18. Rxe5 Nd4 19. Ba4 c6 20. bxc6 Nd5 21.
Qa8+ Kc7 22. Qa7+ Kc8 23. Qxd4 Nb6 24. Qc5 Rd5 25. Qc3 Rc5 26. Rxc5 Bxc5 27.
Qxc5 Nxa4 28. Rxa4 Re8 29. g3 Re1+ 30. Kg2 Rxc1 31. c7 Qe8 32. Ra8+ Kd7 33.
c8=Q+ Qxc8 34. Qxc8+ Kd6 35. Na3 h5 36. Qh8 g6 37. Ra6+ Kd5 38. c4+ Kc5 39. Qe5+
Kb4 0-1

[Event "Challenge"]
[Site "http://www.queenalice.com/game.php?id=253073"]
[Date "2007.8.8"]
[Round "-"]
[White "pcteilor"]
[Black "lezeu63"]
[Result "1/2-1/2"]
[WhiteElo "1181"]
[BlackElo "1443"]

1. e3 d5 2. d4 Nf6 3. Nc3 e6 4. h3 Ne4 5. Nb5 c6 6. f3 Ng3 7. Qd3 Nxh1 8. Qb3
cxb5 9. Qxb5+ Nc6 10. Bd3 a6 11. Qb3 Qd6 12. Ne2 Qh2 13. Bd2 Qxg2 14. O-O-O Qxf3
15. c4 Nf2 16. Rf1 Nxd3+ 17. Qxd3 Qxf1+ 18. Kc2 Bb4 19. Nc3 Qxh3 20. cxd5 exd5
21. Nxd5 Bf5 22. e4 Qxd3+ 23. Kxd3 O-O 24. exf5 Bxd2 25. Kxd2 Nxd4 26. Ne7+ Kh8
27. Kd3 Rad8 28. a4 Nxf5+ 29. Nd5 Rxd5+ 30. Ke4 Ne7 31. b4 Rc8 32. b5 Rc4+ 33.
Ke3 Nf5+ 34. Ke2 Rc2+ 35. Kf3 Rd4 36. a5 axb5 37. a6 bxa6 1/2-1/2

[Event "Skull"]
[Site "http://www.queenalice.com/game.php?id=253103"]
[Date "2007.8.8"]
[Round "-"]
[White "fbdaniel"]
[Black "pcteilor"]
[Result "0-1"]
[WhiteElo "1263"]
[BlackElo "1161"]

1. h4 e6 2. e3 d5 3. Nh3 Nf6 4. g4 h6 5. g5 Ne4 6. Qf3 Nc6 7. gxh6 Qf6 8. Qf4 e5
9. Qh2 Qxh6 10. d3 Nf6 11. d4 Bd6 12. f4 exd4 13. exd4 Nxd4 14. Na3 Nf3+ 15. Kf2
Nxh2 16. f5 Bxf5 17. Bxh6 gxh6 18. c4 Nhg4+ 19. Ke2 O-O-O 20. Kd1 Rhe8 21. Bg2
dxc4 22. Nxc4 Bf4+ 23. Nd2 Nf2+ 24. Nxf2 Rxd2+ 25. Kc1 Rdd8# 0-1

[Event "Challenge"]
[Site "http://www.queenalice.com/game.php?id=260422"]
[Date "2007.8.24"]
[Round "-"]
[White "patrick"]
[Black "pcteilor"]
[Result "0-1"]
[WhiteElo "1395"]
[BlackElo "1184"]

1. h4 e5 2. e4 d5 3. c3 dxe4 4. a4 f5 5. Na3 a6 6. d3 exd3 7. Qxd3 Nc6 8. Bg5 e4
9. Qc4 Qd6 10. Rd1 Qe5 11. g4 h6 12. f4 Qc5 13. Rd5 Qe3+ 14. Be2 Qc1+ 15. Bd1
Be6 16. Nh3 fxg4 17. Nf2 hxg5 18. Qxe4 Nd8 19. Qg6+ Bf7 20. Qxg5 Bxd5 21. Qxd5
Nf6 22. Qe5+ Be7 23. Qxc7 O-O 24. Qxe7 Qxf4 25. Nd3 Qg3+ 26. Nf2 Re8 27. Bb3+
Kh8 28. h5 Rxe7+ 29. Kf1 Qf3 30. h6 g6 31. Nc4 g3 32. Nd2 g2+ 33. Kg1 Re1+ 34.
Nf1 Rxf1+ 35. Kh2 Rxf2 36. Rg1 Ng4# 0-1

[Event "Challenge"]
[Site "http://www.queenalice.com/game.php?id=266276"]
[Date "2007.9.3"]
[Round "-"]
[White "nandoveneno"]
[Black "pcteilor"]
[Result "1-0"]
[WhiteElo "1706"]
[BlackElo "1223"]

1. e4 e5 2. a3 Qf6 3. Qf3 Nc6 4. Qxf6 Nxf6 5. Nc3 Bc5 6. Bc4 O-O 7. Na4 d6 8.
Nxc5 dxc5 9. Bd3 a5 10. Ne2 b6 11. O-O Be6 12. f4 Nh5 13. b3 f6 14. f5 Bd7 15.
Nc3 Nd4 16. Nd5 Rac8 17. Ne7+ Kf7 18. Nxc8 Bxc8 19. Rb1 g6 20. c3 gxf5 21. cxd4
fxe4 22. Bxe4 exd4 23. d3 h6 24. Bxh6 Rh8 25. Bg5 Ke7 26. Bh4 Ke6 27. Bf5+ Kd5
28. Bxc8 Rxc8 29. Rf5+ Ke6 30. Rxh5 Rf8 31. Re1+ Kd6 32. Rh6 c4 33. dxc4 d3 34.
Rd1 Kc5 35. Rxd3 f5 36. Be7# 1-0

[Event "Challenge"]
[Site "http://www.queenalice.com/game.php?id=385811"]
[Date "2008.4.11"]
[Round "-"]
[White "Tourinho"]
[Black "pcteilor"]
[Result "1-0"]
[WhiteElo "1465"]
[BlackElo "1209"]

1. d4 d5 2. c4 e6 3. Nf3 Nc6 4. Bf4 h6 5. Nc3 a6 6. e3 f5 7. cxd5 exd5 8. Bd3
Be6 9. Qc2 Nb4 10. Qd2 Qe7 11. a3 Nc6 12. h3 Nf6 13. Qc2 Qd7 14. Bg3 Bd6 15.
Bxd6 cxd6 16. Nh4 Ne7 17. O-O O-O 18. Rac1 Rac8 19. Qa4 b5 20. Qxa6 Rc6 21. Qxb5
g5 22. Nf3 Nc8 23. Qa4 Nb6 24. Qb3 g4 25. hxg4 Nxg4 26. Ne2 Qc7 27. Rxc6 Qxc6
28. Rc1 Qb7 29. Nf4 Bd7 30. Qd1 Na4 31. b4 Qa7 32. Nxd5 Nb2 33. Qb3 Na4 34. Nf6+
Kh8 35. Nxd7 Qxd7 36. b5 Nb6 37. Nh4 1-0

[Event "Challenge"]
[Site "http://www.queenalice.com/game.php?id=403934"]
[Date "2008.5.16"]
[Round "-"]
[White "mmarco"]
[Black "pcteilor"]
[Result "1-0"]
[WhiteElo "1308"]
[BlackElo "1203"]

1. e3 d5 2. d4 e6 3. Nh3 h6 4. Na3 a6 5. Qh5 Nf6 6. Qd1 Nc6 7. c3 Bd6 8. Bd3 O-O
9. g4 Qe7 10. g5 Nh7 11. Qc2 f5 12. gxh6 gxh6 13. f3 Qh4+ 14. Kd1 1-0

[Event "Challenge"]
[Site "http://www.queenalice.com/game.php?id=403935"]
[Date "2008.5.16"]
[Round "-"]
[White "pcteilor"]
[Black "mmarco"]
[Result "0-1"]
[WhiteElo "1191"]
[BlackElo "1320"]

1. d4 e6 2. e3 Qh4 3. g3 Qe4 4. Nc3 Qxh1 5. Nf3 d5 6. Bd2 e5 7. dxe5 Bg4 8. Qe2
Bxf3 9. Qb5+ c6 10. Qxb7 Bg2 11. O-O-O Bxf1 12. Qxa8 Qg2 13. Qxb8+ Ke7 14. Qd6+
Ke8 0-1

[Event "Old Times"]
[Site "http://www.queenalice.com/game.php?id=707024"]
[Date "2010.1.2"]
[Round "-"]
[White "pcteilor"]
[Black "Loro"]
[Result "0-1"]
[WhiteElo "1180"]
[BlackElo "1432"]

1. e3 e5 2. Qf3 Nf6 3. d4 e4 4. Qf4 d5 5. c4 dxc4 6. Bxc4 b5 7. Bxb5+ Bd7 8. a4
a6 9. Bc4 Bd6 10. Qg5 O-O 11. Nc3 c6 12. a5 h6 13. Qc5 Bxc5 14. dxc5 Qe7 15. b4
Qe5 16. Bb2 Qf5 17. Nh3 Qg6 18. Nf4 Qh7 19. O-O Be6 20. Be2 Bf5 21. h3 Nbd7 22.
g4 Be6 23. f3 exf3 24. Bxf3 Qc2 25. Ra2 g5 26. Nxe6 fxe6 27. Bxc6 Ne5 28. Bxa8
Nd3 29. Be4 Nxe4 30. Nxe4 Nxb4 31. Rc1 Qxe4 32. Ra4 Qxe3+ 33. Kg2 Qf2+ 34. Kh1
Nd3 35. Bd4 Qg3 36. Rg1 Qxh3# 0-1

[Event "Mais uma Sun Tzu"]
[Site "http://www.queenalice.com/game.php?id=725063"]
[Date "2010.2.3"]
[Round "-"]
[White "Loro"]
[Black "pcteilor"]
[Result "1-0"]
[WhiteElo "1445"]
[BlackElo "1204"]

1. e4 e5 2. Nf3 h6 3. Nxe5 d6 4. Nf3 Nf6 5. Nc3 a6 6. Qe2 Be6 7. d4 Qe7 8. Be3
b5 9. Qd2 c6 10. Bd3 d5 11. e5 Nfd7 12. h4 Qb4 13. O-O-O Bg4 14. a3 Qe7 15. h5
g5 16. hxg6 fxg6 17. Nh2 Bxd1 18. Qxd1 g5 19. Bg6+ Kd8 20. Bh5 Qe6 21. Qd3 Rg8
22. Qh7 Ra7 23. Ng4 Rg7 24. Qxh6 Qxh6 25. Nxh6 Nb6 26. Nf5 Rh7 27. Ng3 Be7 28.
e6 Nc4 29. Bd2 Bf6 30. Nd1 Bxd4 31. b3 Nxa3 32. Ba5+ Ke7 33. Re1 c5 34. Nf5+ Kf8
35. Bg4 Nc6 36. Bd2 Be5 37. Bxg5 c4 38. f4 Bd4 39. c3 Bg7 40. e7+ Ke8 41. Nd6#
1-0

[Event "POr essa eu nao esperava Batiman"]
[Site "http://www.queenalice.com/game.php?id=728605"]
[Date "2010.2.9"]
[Round "-"]
[White "pcteilor"]
[Black "Loro"]
[Result "0-1"]
[WhiteElo "1198"]
[BlackElo "1497"]

1. Nc3 d5 2. d4 Nf6 3. e3 Bf5 4. Qe2 Nc6 5. h3 Nb4 6. Qb5+ Nc6 7. Qxb7 Bd7 8.
Nf3 Rb8 9. Qa6 Rb6 10. Qd3 Nb4 11. Qd2 Bf5 12. Bd3 Ne4 13. Qd1 g6 14. a3 Nc6 15.
g4 Be6 16. Nh4 Bg7 17. f3 Ng3 18. Rg1 Qd6 19. Qd2 g5 20. Na4 Rb8 21. Nf5 Bxf5
22. gxf5 O-O 23. Qc3 f6 24. b4 Nh5 25. Nc5 Qh2 26. Rf1 Qxh3 27. Nd7 Qg3+ 28. Rf2
Qd6 29. Nxb8 Nxb8 30. Bb2 Qg3 31. Qc5 Re8 32. Qxd5+ Kf8 33. Bc4 e6 34. fxe6 c6
35. Qc5+ Kg8 36. e7+ Kh8 37. d5 cxd5 38. Bxd5 a6 39. e4 Nf4 40. Qc7 Ng2+ 41. Ke2
Nf4+ 42. Kf1 Qh4 43. Bc4 Qh1# 0-1

[Event "Para o alto e avante!!!!"]
[Site "http://www.queenalice.com/game.php?id=736817"]
[Date "2010.2.24"]
[Round "-"]
[White "Loro"]
[Black "pcteilor"]
[Result "0-1"]
[WhiteElo "1561"]
[BlackElo "1194"]

1. e4 e5 2. Nc3 d6 3. Nf3 Nf6 4. d4 Nc6 5. d5 Nb4 6. Be3 c5 7. dxc6 bxc6 8. a3
Na6 9. Bd3 c5 10. Qe2 Qb6 11. b3 Nc7 12. Na4 Qb8 13. Bc4 Nxe4 14. O-O Be7 15.
Bd3 Nf6 16. Rad1 e4 17. Nc3 exf3 18. Qxf3 Bb7 19. Qe2 Qc8 20. Nb1 Ncd5 21. Rde1
Qc6 22. Bc4 Nc3 23. Nxc3 Qxg2# 0-1

[Event "Qem poderá me defender?"]
[Site "http://www.queenalice.com/game.php?id=736818"]
[Date "2010.2.24"]
[Round "-"]
[White "pcteilor"]
[Black "Loro"]
[Result "0-1"]
[WhiteElo "1224"]
[BlackElo "1579"]

1. e4 Nc6 2. d4 e5 3. d5 Nce7 4. Nc3 c6 5. Bc4 cxd5 6. exd5 Nf5 7. Qf3 Nd4 8.
Qe4 d6 9. f4 Nf6 10. Qd3 g6 11. Be3 Qe7 12. O-O-O Bg7 13. Nf3 Bf5 14. Qf1 Nxc2
15. Bb5+ Nd7 16. g3 Nxe3 17. Qe1 Nc2 18. Qe2 Rc8 19. h3 Nb4 20. Nd4 Nxa2+ 21.
Kd2 Nb4 22. Rde1 O-O 23. Nxf5 gxf5 24. h4 Nc5 25. Qc4 Nca6 26. Qe2 e4 27. Rc1
Nd3 28. Rcd1 Nxb2 29. Rb1 Qc7 30. Qe3 Bxc3+ 31. Ke2 Nb4 32. Rbc1 Nxd5 33. Qxa7
e3 34. Qa2 Qc5 35. Bd7 Rc7 36. Bxf5 Nb4 37. Qb1 f6 38. Bxh7+ Rxh7 39. Qg6+ Rg7
40. Qe4 Nd5 41. Rc2 Rxg3 42. Qe6+ Kg7 43. f5 Rg2+ 44. Kf1 Rxc2 45. Rg1+ Kh6 46.
Rg3 e2+ 47. Kg2 Nf4+ 0-1

[Event "pcteilor"]
[Site "http://www.queenalice.com/game.php?id=748014"]
[Date "2010.3.18"]
[Round "-"]
[White "foda"]
[Black "pcteilor"]
[Result "0-1"]
[WhiteElo "1421"]
[BlackElo "1265"]

1. e4 e5 2. Bc4 Qf6 3. Nf3 Qg6 4. Nh4 Qxe4+ 5. Qe2 Qxh4 6. Qf3 Nf6 7. g3 Qxc4 8.
Na3 Qc6 9. d3 Qxf3 10. Rg1 Ng4 11. h3 Qxf2+ 12. Kd1 Qxg1+ 13. Kd2 Bc5 14. Nb5
Bb6 15. hxg4 Qf2+ 16. Kc3 a6 17. Na3 d6 18. b4 Be6 19. b5 Bd4+ 20. Kb4 Bxa1 21.
Nc4 Qxc2 22. g5 axb5 23. Kxb5 Qa4# 0-1

[Event "Challenge"]
[Site "http://www.queenalice.com/game.php?id=751579"]
[Date "2010.3.25"]
[Round "-"]
[White "CristianLonghinoti"]
[Black "pcteilor"]
[Result "0-1"]
[WhiteElo "1372"]
[BlackElo "1222"]

1. e4 e5 2. Nf3 d5 3. d3 d4 4. Nxe5 Qf6 5. Nf3 Nc6 6. a3 Be6 7. h3 Nh6 8. Qd2
Bd6 9. c4 a6 10. b4 b5 11. c5 Be7 12. Bb2 O-O 13. Qd1 Rad8 14. Nbd2 g6 15. Qe2
Qg7 16. Nb3 Bxb3 17. Qd2 f5 18. Be2 fxe4 19. dxe4 Bf6 20. Rb1 Ba2 21. Rc1 Qe7
22. Ba1 Bc4 23. Bxc4+ bxc4 24. Rxc4 Qxe4+ 25. Qe2 Qb1+ 26. Rc1 Qxc1+ 27. Qd1
Rfe8+ 28. Kf1 Qxd1+ 29. Ne1 Qxe1# 0-1

[Event "Challenge"]
[Site "http://www.queenalice.com/game.php?id=754971"]
[Date "2010.4.1"]
[Round "-"]
[White "pcteilor"]
[Black "CristianLonghinoti"]
[Result "1-0"]
[WhiteElo "1244"]
[BlackElo "1367"]

1. e4 e5 2. Nc3 d6 3. d4 Nc6 4. d5 Nb8 5. Qd3 f6 6. h3 Ne7 7. g4 g5 8. Qf3 h6 9.
Qxf6 Nd7 10. Qxh8 Ng6 11. Qh7 Ne7 12. Be3 c5 13. Nb5 a6 14. Nxd6# 1-0

[Event "A volta da tia do batmá"]
[Site "http://www.queenalice.com/game.php?id=1160502"]
[Date "2013.3.13"]
[Round "-"]
[White "pcteilor"]
[Black "Loro"]
[Result "0-1"]
[WhiteElo "1287"]
[BlackElo "1478"]

1. e3 e5 2. Qf3 d5 3. c4 e4 4. Qg3 d4 5. Qe5+ Be7 6. exd4 Nd7 7. Qxe4 Ngf6 8.
Qe3 O-O 9. c5 Re8 10. Be2 Bxc5 11. Qc3 Bb6 12. Nf3 Qe7 13. Qe3 Qb4 14. Qc3 Qd6
15. a3 Ne4 16. Qe3 Ndf6 17. h3 Nd5 18. Qd3 Nf4 19. Qe3 Nxg2+ 20. Kf1 Nxe3+ 21.
dxe3 Qc6 22. Nbd2 Nf6 23. Nc4 Bf5 24. Nfe5 Qxh1# 0-1